00850 2200193 4500001002100000005001500021035002000036245025500056100004900311250002000360300005100380856002800431700008700459260003400546082001100580084001700591020002200608600002600630INLIS00000000114728420260225105117 a0010-02260009041 aPERTOLONGAN PERTAMA PADA ANAK SAKIT :bPanduan Penanganan Pertama Ketika Anak Sakit atau Mengalami Kecelakaan /cPenulis; dr. Niluh Swasanti dan Winkanda Satria Putra, Editor; Aziz Safa, Proofreader; Nur Hidayah, Desain Cover; Antok, Desain Isi; Joko0 adr. Niluh Swasanti dan Winkanda Satria Putra aCetakan Pertama a128 Halaman :bIlustrasi ;c17 x 24 cmeKertas aPERPUSTAKAAN KELILING 30 aEditor; Aziz Safa, Proofreader; Nur Hidayah, Desain Cover; Antok, Desain Isi; Joko aYogyakarta :bKATAHATI,c2020 a616.02 a616.02 DR. p a978-602-1579-08-4 4aPengetahuan Kesehatan